[Event "9th Aeroflot Open A"]
[Site "Moscow RUS"]
[Date "2010.02.09"]
[Round "1"]
[White "Rodshtein,M"]
[Black "Khusnutdinov,R"]
[Result "1-0"]
[WhiteElo "2622"]
[BlackElo "2513"]
[EventDate "2010.02.09"]

1. d4 Nf6 2. c4 g6 3. Nc3 d5 4. Bg5 Bg7 5. Bxf6 Bxf6 6. cxd5 c6 7. e4 O-O
8. e5 Bg7 9. Bc4 b5 10. Bb3 b4 11. Nce2 cxd5 12. h4 h6 13. Nf4 e6 14. Nf3
Nd7 15. Bc2 Ba6 16. Bd3 Bxd3 17. Qxd3 Qe7 18. O-O Rfc8 19. Rac1 Qd8 20. Qa6
Kh7 21. g3 Nb6 22. b3 Bf8 23. Nd3 Kg8 24. Qa5 Qe7 25. h5 g5 26. Nh2 Qb7 27.
Nc5 Bxc5 28. Rxc5 Qe7 29. Rfc1 Kg7 30. Ng4 Rxc5 31. Rxc5 Nd7 32. Rc6 Qd8
33. Qxb4 Rc8 34. Qd6 Rxc6 35. Qxc6 Nb8 36. Qb7 Qb6 37. Qe7 1-0

[Event "9th Aeroflot Open A"]
[Site "Moscow RUS"]
[Date "2010.02.09"]
[Round "1"]
[White "Krylov,M RUS"]
[Black "Iturrizaga,E"]
[Result "1-0"]
[WhiteElo "2511"]
[BlackElo "2616"]
[EventDate "2010.02.09"]

1. d4 Nf6 2. c4 e6 3. g3 c5 4. d5 exd5 5. cxd5 d6 6. Nc3 g6 7. Bg2 Bg7 8.
Nf3 O-O 9. O-O Re8 10. Bf4 a6 11. a4 b6 12. Re1 Nh5 13. Bg5 Qc7 14. e4 h6
15. Bc1 Nd7 16. h3 Qb8 17. g4 Nhf6 18. Bf4 Ne5 19. Nxe5 dxe5 20. Be3 Qd6
21. Qd2 h5 22. f3 Bd7 23. Nd1 Rec8 24. b3 hxg4 25. hxg4 b5 26. Nf2 Bf8 27.
Rec1 Rab8 28. axb5 axb5 29. Bf1 Ne8 30. Ra7 Rc7 31. Qa5 Rxa7 32. Qxa7 Rc8
33. Nd3 c4 34. bxc4 bxc4 35. Nb2 Qa3 36. Rxc4 Qxb2 37. Qxd7 Rxc4 38. Bxc4
Qc3 39. Kf2 Nd6 40. Be2 Qb2 41. Qd8 Nb7 42. Qb8 Kg7 43. Bh6+ Kxh6 44. Qxf8+
Kg5 45. Qxf7 Qb6+ 46. Kg2 Nd8 47. Qe7+ Kf4 48. Qh4 Qb2 49. g5+ Ke3 50. Qf2+
Kf4 51. Qg3+ Ke3 52. f4+ Kxe4 53. Qf3+ Kd4 54. Qf2+ 1-0

[Event "9th Aeroflot Open A"]
[Site "Moscow RUS"]
[Date "2010.02.09"]
[Round "1"]
[White "Khalifman,A"]
[Black "Sebag,M"]
[Result "1-0"]
[WhiteElo "2616"]
[BlackElo "2510"]
[EventDate "2010.02.09"]

1. d4 d5 2. c4 c6 3. Nf3 Nf6 4. Nc3 e6 5. g3 Nbd7 6. Bg2 dxc4 7. O-O b5 8.
e4 Bb7 9. e5 Nd5 10. Ng5 Nxc3 11. Qf3 Qe7 12. bxc3 Nb6 13. Qh5 Qd7 14. Nxh7
O-O-O 15. Nxf8 Rxh5 16. Nxd7 Rxd7 17. Bf3 Rh8 18. Bd1 Nd5 19. Bd2 a5 20. a3
a4 21. Rb1 Nc7 22. Be3 Nd5 23. Bd2 Nc7 24. Re1 Rdd8 25. f3 Rd7 26. h4 c5
27. Be3 cxd4 28. Bxd4 Bc6 29. Kf2 Nd5 30. Rh1 Ne7 31. g4 g6 32. Bc2 Rdd8
33. h5 g5 34. h6 Rdg8 35. Rh5 Nd5 36. Be4 Kc7 37. Bxd5 exd5 38. Be3 Rh7 39.
Bxg5 Be8 40. Bf6 Rg6 41. Bg7 Bd7 42. Ke3 Kc6 43. Rg1 Kc5 44. Bf8+ Kc6 45.
g5 Bf5 46. Rh4 Kd7 47. Bg7 Ke6 48. Rh2 Kd7 49. Kd4 Kc6 50. Bf6 Bc8 51. Rh4
Kd7 52. Rf4 Kc6 53. Bg7 Be6 54. Rf6 Kd7 55. f4 Kc6 56. f5 Rxf6 57. exf6
Bxf5 58. g6 1-0

[Event "9th Aeroflot Open A"]
[Site "Moscow RUS"]
[Date "2010.02.09"]
[Round "1"]
[White "Javakhishvili,L"]
[Black "McShane,L"]
[Result "1/2-1/2"]
[WhiteElo "2493"]
[BlackElo "2616"]
[EventDate "2010.02.09"]

1. d4 Nf6 2. c4 g6 3. Nf3 Bg7 4. g3 O-O 5. Bg2 d6 6. O-O c6 7. Nc3 Bf5 8.
Ne1 e5 9. d5 a5 10. h3 cxd5 11. cxd5 Na6 12. e4 Bd7 13. a4 Nc5 14. Nd3 b6
15. Kh2 Ne8 16. f4 exf4 17. Bxf4 Bc8 18. Re1 Ba6 19. Nxc5 bxc5 20. Qd2 Rb8
21. e5 dxe5 22. Bxe5 Bxe5 23. Rxe5 Nd6 24. Qf2 Bd3 25. Qxc5 Rxb2 26. Re3
Bf5 27. Ra2 Rxa2 28. Nxa2 Qg5 29. Qc1 Bd7 30. Rc3 Qf6 31. Rf3 Qe5 32. Qc7
Bxa4 33. Qxa5 Bd7 34. Nb4 Rc8 35. Qa7 Bb5 36. Nc6 Bxc6 37. dxc6 Nf5 38. Qd7
Rc7 39. Qd8+ Kg7 40. Rxf5 gxf5 1/2-1/2

[Event "9th Aeroflot Open A"]
[Site "Moscow RUS"]
[Date "2010.02.09"]
[Round "1"]
[White "Nguyen Ngoc Truong Son"]
[Black "Salem,AR"]
[Result "1/2-1/2"]
[WhiteElo "2616"]
[BlackElo "2484"]
[EventDate "2010.02.09"]

1. Nf3 Nf6 2. g3 g6 3. Bg2 Bg7 4. O-O O-O 5. c4 d5 6. cxd5 Nxd5 7. d4 Nb6
8. Nc3 Nc6 9. d5 Na5 10. Bf4 c6 11. dxc6 Nxc6 12. Qc1 e5 13. Rd1 Qe7 14.
Be3 Bf5 15. Bxb6 axb6 16. Nd5 Qd8 17. Qe3 Ra5 18. Nb4 Nd4 19. Nxd4 exd4 20.
Qf3 Qd6 21. a3 Re8 22. Rac1 h5 23. Qxb7 Rxe2 24. Bf1 Rxb2 25. Rc6 1/2-1/2